<?xml version="1.0" encoding="UTF-8" ?>
<collection xmlns="http://www.loc.gov/MARC21/slim"><record><leader>00590nas a2200193 c 4500</leader><controlfield tag="001">151778</controlfield><controlfield tag="003">Zü176</controlfield><controlfield tag="005">20150622141658.0</controlfield><datafield tag="035" ind1=" " ind2=" "><subfield code="a">(OCoLC)927703720</subfield></datafield><datafield tag="041" ind1=" " ind2=" "><subfield code="a">cze</subfield></datafield><datafield tag="041" ind1=" " ind2=" "><subfield code="a">ger</subfield></datafield><datafield tag="245" ind1="0" ind2="0"><subfield code="a">Pásmo</subfield><subfield code="b">la zone, pamphlet international</subfield><subfield code="h">Zeitschrift</subfield></datafield><datafield tag="260" ind1=" " ind2=" "><subfield code="a">Brno-Juliánov [etc.]</subfield><subfield code="b">Devětsil</subfield></datafield><datafield tag="300" ind1=" " ind2=" "><subfield code="c">47,3 x 31,7 cm</subfield></datafield><datafield tag="362" ind1=" " ind2=" "><subfield code="a">1(1924/25)-2(1925/26),9/10</subfield></datafield><datafield tag="500" ind1=" " ind2=" "><subfield code="a">Später mit dem Zusatz: Revue internationale moderne</subfield></datafield><datafield tag="546" ind1=" " ind2=" "><subfield code="a">Text tschechisch , teilweise deutsch</subfield></datafield><datafield tag="651" ind1="0" ind2="7"><subfield code="a">Zürich</subfield><subfield code="x">Kunsthaus Zürich</subfield><subfield code="x">Dadaismus</subfield><subfield code="x">Sammlung</subfield><subfield code="2">gnd</subfield></datafield><datafield tag="852" ind1="4" ind2="0"><subfield code="a">CH-000273-5</subfield><subfield code="c">DADA III:77</subfield></datafield></record></collection>